书目信息 |
| 题名: |
散粒体结构力学
|
|
| 作者: | Клейн , 克莱因 , 克列因(Г·К·Клейн) 著 ;陈万佳 译 | |
| 分册: | ||
| 出版信息: | 北京 中国铁道出版社 1983 |
|
| 页数: | 338页 | |
| 开本: | 19cm | |
| 丛书名: | ||
| 单 册: | ||
| 中图分类: | TU43 | |
| 科图分类: | ||
| 主题词: | 无粘性土-结构力学 , 结构力学-无粘性土 , 土力学 | |
| 电子资源: | ||
| ISBN: | ||
| 000 | 01060nam0 2200313 45 | |
| 001 | 0183004762 | |
| 005 | 20061127105253.68 | |
| 010 | @dCNY1.10 | |
| 091 | @aCN@b15043.6385 | |
| 100 | @a19950810d1983 emky0chiy0121 ea | |
| 101 | 1 | @achi@crus |
| 102 | @aCN@b110000 | |
| 105 | @ay z 000yy | |
| 200 | 10 | @a散粒体结构力学@Asan li ti jie gou li xue@f(苏)克列因(Г·К·Клейн)著@F(su)ke lie yin(Г·К·Клейн)zhu@g陈万佳译 |
| 210 | @a北京@c中国铁道出版社@d1983 | |
| 215 | @a338页@d19cm | |
| 300 | @a书名原文:Строитльная механикасыпучих тел | |
| 510 | 1 | @aСтроитльная механикасыпучих тел@zrus |
| 606 | @a无粘性土-结构力学 | |
| 606 | @a结构力学-无粘性土 | |
| 606 | 0 | @a土力学 |
| 690 | @aTU43@v3 | |
| 701 | A1 | @aКлейн@bГ.К.@4著 |
| 701 | 1 | @a克莱因@Ake lai yin@bГ.К.@4著 |
| 701 | 0 | @a克列因(Г·К·Клейн)@Ake lie yin(Г·К·Клейн)@4著 |
| 702 | 0 | @a陈万佳@Achen wan jia@4译 |
| 801 | 2 | @aCN@bNLC@c20061127 |
| 801 | 0 | @aCN@bTSSF |
| 905 | @a10447@dTU43@e77 | |
| 散粒体结构力学/(苏)克列因(Г·К·Клейн)著/陈万佳译.-北京:中国铁道出版社,1983 |
| 338页;19cm |
| 书名原文:Строитльная механикасыпучих тел |
| ISBN :CNY1.10 |
| ● |
| 相关链接 |
|
|
|
|
正题名:散粒体结构力学
索取号:TU43/77
 
预约/预借
| 序号 | 登录号 | 条形码 | 馆藏地/架位号 | 状态 | 备注 |
| 1 | 0123982 | 001485413 | 第二样本阅览室/ [索取号:TU43/77] | 在馆 |